00930nam a2200253Ia 450000500170000000800410001702000270005804000190008504100120010408200170011610000200013324501770015326000420033030000310037250400190040363000360042265000310045865100250048970000260051485000100054094200070055099900160055795201030057320231110093219.0131103s9999 xx 000 0 und d a81-85604-68-1cRs. 200 aLoreto College aEnglish a320.954bTHI aThirumaavalavan aTalismanb extreme emotions of dalit liberation cThirumaavalavan; translated from the Tamil by Meena Kandasamy; introduction by Gail Omvedt; illustrated by Veera Santhanam aKolkatabMandira Sen for SAMYAcc2003 axviii,185 p.b ill.,photos aIncludes index aIndia - Politics and Government aPolitics - Caste System -  aPolitical Science -  aKandasamy, Meena, tr. aLCLIB cBK c1196d51675 00102ddc4070aMAINbMAINd2013-11-04l0o320.954 THI 43289pB1829r2013-11-04w2013-11-04yBKf